000 00349 a2200145 4500
001 158595
020 _a
040 _cMagnum
100 _aEnciclopaedia Britannica do Brasil
240 1 0 _aEnciclopedia barsa/livro do ano 1998
_lpor
245 1 0 _aEnciclopedia barsa/livro do ano 1998
362 0 _a1899
697 _aENCICLOPEDIAS
942 _cBK
999 _c158595
_d158595